000 00416nam a2200157Ia 4500
008 160316s1995 xxu||||| |||| 00| 0 eng d
082 _a341.000000
_bDAM
100 _aD'Amato Anthony
245 _aInternational law : Process and prospect
250 _a2nd
260 _aNew York
_bTransnational Publications
_c1995
300 _a373p
_b
_c
365 _bRs.3285/-
650 _a1.International Law
700 _a
_a
999 _c12503
_d12503